The South American Republics

Gespeichert in:
Bibliographische Detailangaben
1. Verfasser: Dawson, Thomas C (VerfasserIn)
Format: Buch
Sprache:Englisch
Veröffentlicht: Nueva York G. P. Putnam's Sons 1904
Ausgabe:1a. ed
Schlagworte:
Tags: Tag hinzufügen
Keine Tags, Fügen Sie den ersten Tag hinzu!

MARC

LEADER 00000nam a2200000 a 4500
001 UCJ4341
003 CL-VaPUC
008 070124e19040000US |||||||||||||||||eng|d
082 0 4 |a 910.4  |b DAW  |2 21 
100 0 |a Dawson, Thomas C  |e author  |9 507825 
245 1 4 |a The South American Republics 
250 |a 1a. ed 
300 |a 2 v 
942 |c BK 
945 |d 20070124 00:00:00  |a rinostro 
260 |a Nueva York  |b G. P. Putnam's Sons  |c 1904 
500 |a v.2: Peru, Chile, Bolivia, Ecuador, Venezuela, Colombia, Panama 
500 |a Fotografías.- En biblioteca sólo v. 2 
650 0 |a Viajes  |9 257115 
650 0 |a Recursos naturales  |9 255232 
650 0 |a Ciudades  |9 265474 
650 0 |a Obras públicas  |9 261125 
651 0 |a Bolivia  |9 255454 
651 0 |a Colombia  |9 256424 
651 7 |a CHILE  |2 CL-VaPUC  |9 507826 
651 0 |a Ecuador  |9 258378 
651 7 |a PANAMA  |2 CL-VaPUC  |9 257728 
651 0 |a Perú  |9 256567 
651 0 |a Venezuela  |9 254993 
583 |a last modification  |c 20130925 07:46:35  |k Rodrigo Vera 
999 |c 320457  |d 320455 
952 |0 0  |1 0  |4 0  |6 910_400000000000000_DAW_1904  |7 0  |8 X  |9 398979  |a FDOBUD  |b FDOBUD  |d 2019-11-22  |h v.2  |i 1016970  |o 910.4 DAW 1904  |p 1016970  |r 2019-11-22  |w 2019-11-22  |y BK_X  |k BUD